| 000 | 00951cab a2200253 4500 | ||
|---|---|---|---|
| 001 | ABS48015 | ||
| 008 | 090401t1993 xxu||||| |||| 00| 0 eng d | ||
| 035 | _a(Sirsi) u64452 | ||
| 041 | _aeng | ||
| 100 | _aBowie, N. | ||
| 245 | _aOne Man`s view: the cycles of the property markets | ||
| 260 | _c1993 | ||
| 350 | _a0 | ||
| 490 |
_aEstates Gazette _v(9308) 27 February 1993, 96-98(2) |
||
| 520 | _aClaiming that the last truly free market in property was achieved sixty years ago, the article traces cycles over the intervening decades to draw conclusions about its current state: another truly free market. Recession is seen to have been inevitable and as likely to remain so throughout the 1990s. | ||
| 650 | _aBOOM-BUST | ||
| 650 | _aECONOMIC CYCLES | ||
| 650 | _aECONOMY | ||
| 650 | _aHISTORY | ||
| 650 | _aPROPERTY CYCLES | ||
| 690 | _aPROPERTY-COMMERCIAL PROPERTY-COMMERCIAL PROPERTY MARKET | ||
| 942 | _n0 | ||
| 948 | _c04/03/1997 | ||
| 999 |
_c40146 _d40146 |
||